jeux videos extremement mal résumés - Statistiques

Statistiques générales
  • Ce quiz a été pris 608 fois
  • Le résultat moyen est 9 sur 20
Statistiques - réponses
indice réponse % Correct
un ado fugue pour capturer des animaux dans des boules pokemon
86%
du foot avec des voitures ?! rocket league
85%
imposible de respecter la loi dans ce jeu gta
80%
un mec se réveille de 100 ans de sommeil tout nu et doit sauver une princesse que tout le monde confond avec lui zelda
78%
FINISH HIM mortal kombat
71%
tu créé un abris et des outils pour te battre contre des dinosaures surpuissants ark
63%
des haricots courent et se battent pour attraper une couronne fall guys
63%
un jeu adapté d' un roman ou l' on incarne un ensorceleur dans un monde médieval the witcher
56%
tu va a Poudlard dans les années 1800 et tu te bat contre pleins de créatures magiques et terrifiantes hogwarts legacy
52%
tirer des flèches dans des robots dinosaures horizon
47%
réputé comme l' un des jeux les plus durs de sa génération elden ring
46%
un samouraï découpe des mongols en 1 contre 10 pour sauver sa patrie ghost of tsushima
44%
des robots super évolués se rebêlent et foutent le bordel dans une ville américaine detroit become human
38%
un petit personnage combat pleins de monstres a hallownest hollow knight
33%
tu explores des planètes dans un univers INFINI, récoltes des matériaux et créé une base no man's sky
26%
des personnages d' une galaxie très lointaine se battent dans l' espace et sur terre battlefront
24%
le script c' est abusé fifa
19%
je te donne un indice, et tu répond jetpunk
17%
un homme aux cheveux roux se bat avec un baton lumineux pour sauver l' univers jedi fallen order
12%
le mot BORDEL en un jeu garry's mod
2%
Aucun quiz correspondant
Distribution des résultats
% des personnes avec chaque résultat
Percentile par nombre de réponses
Votre historique - résultats
Vous n’avez pas pris ce quiz